| 000 | 00988nam a22003497a 4500 | ||
|---|---|---|---|
| 001 | BR8702639 | ||
| 003 | BR-BrBNA | ||
| 005 | 20230928092520.0 | ||
| 007 | ta | ||
| 008 | 230509b bl.||||| |||| 00| 0 por d | ||
| 040 |
_aBR-BrBNA _bpor _cBiblioteca Nacional de Agricultura |
||
| 041 | _a(Por) | ||
| 072 |
_aE72 _b1110 _b1112 _b1000 _b1120 _b/G514 |
||
| 090 | _ 1110 BR8702639 | ||
| 100 | 1 | _aAzevedo, R. de | |
| 100 | 1 | _aSouza, A.F. de | |
| 100 | 1 | _aTeixeira, T.D. | |
| 100 | 1 | _aSilva, J.L. e | |
| 100 | 1 | _aMonica, J. | |
| 110 | 1 | _aUniversidade Federal de Vicosa, MG (Brasil) | |
| 245 | 1 | _aComercializacao de abacate, banana, citrus e manga, no mercado atacadista da Zona da Mata de Minas Gerais | |
| 260 | 3 |
_aVicosa, MG (Brasil): _c1971. |
|
| 300 | _a76 p. | ||
| 650 | _aABACATE | ||
| 650 | _aBANANA | ||
| 650 | _aFRUTA CITRICA | ||
| 650 | _aMANGA | ||
| 650 | _aMERCADO ATACADISTA | ||
| 650 | _aMINAS GERAIS | ||
| 909 |
_a202309 _bLucia _c55 _dLucia Elande |
||
| 942 | _cBK | ||
| 999 |
_c39536 _d39536 |
||